Pengenalan tamadun Islam
| Main Author: | |
|---|---|
| Format: | Book |
| Published: |
Kuala Lumpur :
DBP ,
1990
|
| Subjects: |
MARC
| LEADER | 00000cam a2200000 7i4500 | ||
|---|---|---|---|
| 001 | 0000005017 | ||
| 002 | 000005408 | ||
| 005 | 20000330.0 | ||
| 020 | |a 9836207252 | ||
| 090 | 0 | 0 | |a 090.595 |b ABD |
| 100 | 0 | |a Abdullah Jusuh | |
| 245 | 1 | 0 | |a Pengenalan tamadun Islam |c Abdullah Jusuh |
| 260 | |a Kuala Lumpur : |b DBP , |c 1990 | ||
| 300 | |a 150p. ; |c 20cm. | ||
| 650 | 0 | 0 | |a Civilization, Islamic |x Malaysia |
| 999 | |a 033570 |b BUKU |c PINJAMAN |e PERPUSTAKAAN KOMUNITI PETALING JAYA | ||